Multiple Choice Tier-Quiz: Löwe - Statistiken

Allgemein
  • Dieses Quiz wurde 20 mal gespielt
    14 seit der letzten Aktualisierung
  • Das Durchschnittsergebnis liegt bei 7 aus 10
Antwortstatistiken
Frage Antwort % Korrekt
Woran erkennt man männliche Löwen? Mähne
100%
In welchem dieser Lebensräume kann man Löwen antreffen? Halbwüste
92%
Löwen haben eine Rangordnung, die auch beim Fressen eingehalten werden muss. Wer darf immer zuerst fressen? Leitlöwe
83%
Der Name welches Charakters aus dem Disney-Film "Der König der Löwen" bedeutet "Löwe" auf Swahili? Simba
83%
Wann sind Löwen meistens aktiv? In der Dämmerung
67%
Wie viele Jungtiere bringt eine Löwin in der Regel zur Welt? zwei bis vier
67%
Welches ist das einzige Land außerhalb Afrikas, in dem es noch wildlebende Löwen gibt? Indien
58%
Wie weit ist das Gebrüll eines männlichen Löwen zu hören? In einem Umkreis von 8 km
50%
Welche dieser Behauptungen stimmt NICHT? Löwen sind die größten Großkatzen.
42%
Welcher dieser großen Pflanzenfresser wird NICHT von Löwen erlegt? Spitzmaulnashorn
8%
Keine übereinstimmenden Quizze gefunden
Verteilung der Resultate
Anzahl Personen mit jedem Resultat
Perzentil nach korrekt beantworteten Fragen
Ihre Resultats-Entwicklung
Sie haben dieses Quiz seit der letzten Aktualisierung nicht gespielt